MDQL
is popping MORE tags! Check the
thread
!
Quizzes
Events
Quiz Creation
Community
Videos
Private Events
Remove Ads
Sign In
Join for FREE
Feedback
Dark Mode
Quiz Categories
Sports
Geography
Music
Movies
Television
Just For Fun
Miscellaneous
History
Literature
Language
Science
Gaming
Entertainment
Religion
Holiday
For Kids
Quiz Lab
Recent
Popular Today
Quiz Kudos Today
Editor Picks
Curator Picks
Quizzes by...
Day
Popularity
Type
Ratings
Length
Year
Community
Subscriptions
Recent Discussions
Orange Saloon
Badges
Playlists
Quests
Create
Leaderboards
Showdown
Live 5
Trivia Bingo
Activity
Puzzle Library
Sporcle Events
Private Events
Virtual Trivia
Globe League
Become a Host
Pub Owners
SporcleCon
Opinionation
Our Games
Videos
Blog
Mobile Apps
Partnerships
Remove Ads and Go Orange
Feedback
Sports
Athletes
MLB
NBA
NHL
NFL
Soccer
Sports Teams
WWE
NCAA
Football
Premier League
Basketball
Baseball
Hockey
Golf
Tennis
Cricket
Rugby
Auto Racing
Olympics
World Cup
Sports
Athletes
MLB
NBA
NHL
NFL
Soccer
Sports Teams
WWE
NCAA
Football
Premier League
Basketball
Baseball
Hockey
Golf
Tennis
Cricket
Rugby
Auto Racing
Olympics
World Cup
Random Quiz
Search Sporcle
×
Quiz Lab
Quiz Lab
Sports
2016
Click on regions of an image
Click on regions of an image
Picture Click
Best Score? Go Orange.
UEFA Euro 2016 (Wales) Stats
Can you pick the UEFA Euro 2016 (Wales)?
By
dejanfob
3m
11 Questions
191 Plays
191 Plays
191 Plays
Comments
Comments
Give Quiz Kudos
Give Quiz Kudos
-
- Ratings
hide this ad
Forced Order
Answers have to be entered in order
Answers have to be entered in order
Replay
Link that replays current quiz
Next Quiz
Link to next quiz in quiz playlist
You Got
0%
They Got
Avg Score
79%
Avg Friend Score
Upgrade to see
Score Distribution
Jump to the score distribution portion of the page
Score
0/11
Timer
03:00
0
Plays Today
% Correct
Gareth Bale
91.1%
Ashley Williams
88%
Aaron Ramsey
87.4%
Wayne Hennessey
83.8%
Hal Robson-Kanu
83.2%
Joe Allen
81.7%
Joe Ledley
80.1%
Chris Gunter
72.3%
Ben Davies
71.2%
Neil Taylor
70.2%
James Chester
64.4%
Quiz Playlist
Details
Report
Send in Message
Add To Playlist
Picture Click:
Click on regions of an image
Forced Order:
Answers have to be entered in order
Last Updated: Jul 4, 2017
Quiz Scoreboard
CHALLENGE
Sign Up to Join the Scoreboard
Show All
Scores
Hide
Comments
May contain spoilers
Recently Published
Find the 'City' Movie
by crazypaving
Movies
60s
5x2 Blitz: Bands
by SL_Kpop136
Music
30s
Colored Red Africa Blitz
by spor1
Geography
30s
More to Explore
Quiz From the Vault
Featured Blog Post
14 Easter Pick-up Lines to Find Eggs With
hide this ad
You Might Also Like...
Tags
2016
euro
UEFA
UEFA Euro
Wale
Today's Top Quizzes in Sports
Browse Sports
hide this ad
Today's Top Quizzes in 2016
Browse 2016
Top Contributed Quizzes in Sports
1
Players with Multiple 50 Home Run Seasons
2
Criteria MLB: Left Handed Sluggers
3
MLB Players with Two .350 Batting Average Seasons
4
Who Hit More Homers?
5
Premier League Clubs since 2000 (minefield)
6
Who Needs Fielders?
7
2020 F1 Drivers Logic Puzzle
8
Les entraîneurs de l'OM et du PSG au 21e siècle
9
Top 10 NHL Goal Scorers of All Time
10
MLB Hall of Famer by Rings
Explore More
Trending Topics
Crossword
Harry Potter
Marvel
NBA
Anime
Disney
Kpop
Pokémon
Song
Puzzle
Soccer
WWE
NFL
Country
The Office
hide this ad
More By:
dejanfob
Quiz
Plays
Rating
Category
Featured
Created
Name the Soccer Logos
525
2.88
Sports
Jun 1, 2017
Countries of the Middle East
516
3.00
Geography
Jun 12, 2017
Serie A Goalkeeper of the Year
419
5.00
Sports
Jun 5, 2017
Serie A Footballer of the Year
416
5.00
Sports
Jun 5, 2017
2017 UEFA Champions League Final
391
3.33
Sports
Jul 4, 2017
Go to Creator's Profile
Score Distribution
Quiz Creator Spotlight
dejanfob
Follow
Send a Message
Quizzes Created
-
Created Quiz Play Count
-
More By This Creator
Popular Quizzes Today
1
Colored Red Africa Blitz
2
Find the 'City' Movie
3
5x2 Blitz: Bands
4
Find the US States - No Outlines Minefield
5
The Countries of the World
6
Find the US States
7
US States
8
9x9 Crossword: Cartoon Network
More Sports Quizzes
NFL Single Game Highs by Team, 2000-2010
Published
Trending Quizzes
Colored Red Europe Blitz I
Colored Red Africa Blitz II
Colored Red Africa Blitz III
Colored Red Europe Blitz III
Colored Red Europe Blitz II
Recently Updated
Champions League XIs: Real Madrid
pecheneg
Largest US Cities 1790-2010
pecheneg
Rides in Walt Disney World
pecheneg
Most Oscar Losses (Acting)
pecheneg
Beyoncé Albums
pecheneg
Leaping Animals
pecheneg
Reality TV Shows (A-Z)
bhenderson79
Rickey Henderson's Hall of Fame Teammates
pecheneg
Champions League XIs: Arsenal
pecheneg
Quick Pick: Celebrities in WWE's Hall of Fame
aduchscher
Trending Topics
NBA
Disney
Anime
Marvel
Crossword
Harry Potter
Kpop
Country
The Office
Puzzle
Soccer
WWE
Song
Pokémon
NFL
Your Account Isn't Verified!
In order to create a playlist on Sporcle, you need to verify the email address you used during registration. Go to your
Sporcle Settings
to finish the process.
Report this User
Report this user for behavior that violates our
Community Guidelines
.
Details:
Send Report
Go to the Sporcle.com Mobile Site →
Comments